| 000 | 00629nam a2200169 i 4500 | ||
|---|---|---|---|
| 001 | bg | ||
| 100 | 1 | _aBIELECKI, Aleksander | |
| 245 | 0 |
_aMożliwości poprawy mikroklimatu w pomieszczeniu przez kontrolowaną jonizację powietrza / _cAleksander Bielecki. |
|
| 260 |
_aWrocław, _c1981. |
||
| 490 | 1 |
_aPrace Naukowe Instytutu Techniki Cieplnej i Mechaniki Płynów Politechniki Wrocławskiej ; _v23 |
|
| 830 | _aPrace Naukowe Instytutu Techniki Cieplnej i Mechaniki Płynów Politechniki Wrocławskiej ; | ||
| 040 | _cBPK | ||
| 041 | _apol | ||
| 080 | _a697:537.5 | ||
| 942 | _cKS | ||
| 008 | s pl f |000 0 pol | ||
| 999 |
_c20100 _d20100 |
||
| 856 |
_uhttp://koha.tu.koszalin.pl/cgi-bin/koha/opac-detail.pl?biblionumber=20100 _yKatalog online BPK |
||